Christian faith & human understanding (Record no. 23602)
[ view plain ]
| 000 -LEADER | |
|---|---|
| fixed length control field | 01466nam a22003614a 4500 |
| 082 04 - DEWEY DECIMAL CLASSIFICATION NUMBER | |
| Classification number | 230/.2 |
| 100 1# - MAIN ENTRY--AUTHOR NAME | |
| Personal name | Sokolowski, Robert. |
| 245 10 - TITLE STATEMENT | |
| Title | Christian faith & human understanding |
| 260 ## - PUBLICATION, DISTRIBUTION, ETC. (IMPRINT) | |
| Place of publication | Washington, D.C. : |
| Name of publisher | Catholic University of America Press, |
| Year of publication | c2006. |
| 300 ## - PHYSICAL DESCRIPTION | |
| Number of Pages | xiii, 317 p. |
| 650 #0 - SUBJECT ADDED ENTRY--TOPICAL TERM | |
| Topical Term | Faith and reason. |
| Topical Term | Lord's Supper |
| Topical Term | Trinity. |
| Topical Term | Theological anthropology |
| 856 40 - ELECTRONIC LOCATION AND ACCESS | |
| Uniform Resource Identifier | http://site.ebrary.com/lib/rucke/Doc?id=10267263 |
No items available.
